| 000 | 00693nam a2200205Ia 4500 | ||
|---|---|---|---|
| 999 |
_c39285 _d39285 |
||
| 001 | 5871 | ||
| 003 | GE_BSU | ||
| 005 | 20190913102955.0 | ||
| 008 | 181216s1936||||ge |||||||||||||| ||geo|| | ||
| 040 | _cGE_BSU | ||
| 041 | _ageo | ||
| 080 | _a821.353.1-2 ა-36 | ||
| 100 |
_aაზიანი, ნ. _93981 |
||
| 245 |
_aპიესები / _cნ. აზიანი ; პ/მგ. რედ. რ. გვენეტაძე. |
||
| 264 |
_aტფილისი : _bფედერაცია ; _c1936. |
||
| 300 |
_a251 გვ. ; _c20 სმ. |
||
| 653 | _aპიესები | ||
| 700 |
_aგვენეტაძე, რ. _e რედაქტორი _93982 |
||
| 942 |
_cBK _2udc |
||